000 01296cam a2200313 i 4500
003 SA-RiAUC
005 20250915054859.0
008 250912s1980 iq g 00000 ara c
040 _aSA-JeALM
_bara
_cSA-RiAUC
_erda
082 0 4 _a253.1
090 _a253.1
_bس م ر
100 1 _aالسمرقندي، أحمد بن محمد السمرقندي،
_dتوفي 550 هجري
_eمؤلف.
245 1 0 _aكتاب الشروط وعلوم الصكوك /
_cأبو نصر أحمد بن محمد السمرقندي ؛ دراسة وتحقيق محمد جاسم الحديثي.
246 3 0 _aالشروط وعلوم الصكوك
264 1 _aبغداد :
_bدار الشؤون الثقافية العامة،
_c1987.
300 _a620 صفحة ؛
_c23 سم.
336 _aنص
_btxt
_2rdacontent
_3كتاب
337 _aبدون وسيط
_bn
_2rdamedia
338 _aمجلد
_bnc
_2rdacarrier
440 0 _aسلسلة خزانة التراث
650 7 _aالمعاملات (فقه إسلامي)
_2aucsh
650 7 _aالشركات
_2aucsh
650 7 _aالبيع
_2aucsh
650 7 _aالوقف
_2aucsh
650 7 _aالهبة (فقه إسلامي)
_2aucsh
700 1 _aالحديثي، محمد جاسم
_eمحقق.
942 _2ddc
_cBOOK
_n0
949 _aSA-JeALM
_d250912
_umohamedma123
_n1
999 _c11734
_d11734